Perspectivas y desafíos para la competitividad : una mirada global desde los territorios /

Sparad:
Bibliografiska uppgifter
Huvudupphovsman: Mondragón Arévalo, Sandra Rocío (editora.)
Övriga upphovsmän: Avendaño Avendaño, Marilú (editora.), Pacheco Martínez, Julián Andrés (Utgivare, redaktör, sammanställare)
Materialtyp: E-bok
Språk:spanska
Publicerad: Bogotá : Sello Editorial UNAD, 2018.
Ämnen:
Länkar:https://elibro.unach.elogim.com/es/lc/unach/titulos/288718
Taggar: Lägg till en tagg
Inga taggar, Lägg till första taggen!

MARC

LEADER 00000nam a2200000 i 4500
001 ELB288718
003 FINmELB
005 20251022150000.5
006 m o d |
007 cr cnu||||||||
008 251025s2018 ck o 001 0 spa d
020 |a 9789586516389  |q (e-book) 
035 |a (OCoLC)1553197591 
040 |a FINmELB  |b spa  |e rda  |c FINmELB 
050 4 |a HD82  |b P47 2018 
080 |a 330.34 
082 0 4 |a 330.34  |2 23 
100 1 |a Mondragón Arévalo, Sandra Rocío,  |e editora. 
245 1 0 |a Perspectivas y desafíos para la competitividad :  |b una mirada global desde los territorios /  |c Sandra Rocío Mondragón Arévalo, editora ; Marilú Avendaño Avendaño, editora ; Julián Andrés Pacheco Martínez, editor. 
264 1 |a Bogotá :  |b Sello Editorial UNAD,  |c 2018. 
300 |a 1 recurso en línea (125 páginas) 
336 |a texto  |b txt  |2 rdacontent/spa 
337 |a computadora  |b c  |2 rdamedia/spa 
338 |a recurso en línea  |b cr  |2 rdacarrier/spa 
500 |a Incluye índice. 
588 |a Descripción basada en metadatos suministrados por el editor y otras fuentes. 
590 |a Recurso electrónico. Santa Fe, Arg.: elibro, 2025. Disponible vía World Wide Web. El acceso puede estar limitado para las bibliotecas afiliadas a elibro. 
650 4 |a Competitividad. 
650 4 |a Desarrollo económico. 
655 4 |a Libros electrónicos. 
700 1 |a Avendaño Avendaño, Marilú,  |e editora. 
700 1 |a Pacheco Martínez, Julián Andrés,  |e editor. 
797 2 |a elibro, Corp. 
856 4 0 |u https://elibro.unach.elogim.com/es/lc/unach/titulos/288718